| 000 | 00648nam a2200193 i 4500 | ||
|---|---|---|---|
| 001 | 152371 | ||
| 003 | ES-MaACL | ||
| 005 | 20250806013500.0 | ||
| 008 | 931025s1877 sp |||| | spa d | ||
| 080 | _a615.3 | ||
| 100 | 1 |
_aBonnefon, A. _930236 |
|
| 245 | 1 | 0 |
_aLa medicina y los enfermos _b: medicina dosimétrica / _cA. Bonnefon. |
| 260 |
_aMadrid : _b[s.n.], _c1877 ( _fPolicarpo López) |
||
| 300 |
_a16 p. ; _c20 cm. |
||
| 650 | 7 |
_aMedicina dosimétrica _2embne _9136480 |
|
| 852 |
_aES-MaACL _jT-364-F-2 _z-- Enc. hol., falto de la cub. original _z-- Enc. en un vol. facticio |
||
| 852 |
_aES-MaACL _jT-370-F-13 |
||
| 999 |
_c152371 _d152371 |
||